| 000 | 00518nam a22001457a 4500 | ||
|---|---|---|---|
| 082 | _aMSEE-05 UMA | ||
| 100 | _aMuhammad Umair | ||
| 245 | _aL-band receiver front-end for phased array radar | ||
| 260 |
_aIslamabad _bNUST-SEECS _c2017 |
||
| 300 |
_a77p. _eCD Includes |
||
| 856 | _uhttp://10.250.8.41:8080/xmlui/handle/123456789/5316 | ||
| 942 |
_2ddc _cTHE |
||
| 999 |
_c332367 _d332367 |
||